|
|
|
|
| LEADER |
01297nam a2200265 a 4500 |
| 001 |
GR-Patra21734 |
| 008 |
070529s2000 gr g b 001 0 eng d |
| 020 |
|
|
|a 0486411818
|
| 040 |
|
|
|a GrPaTEI
|b gre
|c GR-PaULI
|
| 040 |
|
|
|a GrPaTEI
|b gre
|c GR-PaULI
|
| 082 |
|
0 |
|a 620.00151535
|2 21
|
| 100 |
1 |
|
|a Hughes, Thomas J. R.
|
| 245 |
1 |
4 |
|a The finite element method :
|b linear static and dynamic: finite elemt analysis /
|c Thomas J. R. Hughes.
|
| 260 |
|
|
|a Mineola
|a New York :
|b Dover Publications,
|c c(2000)
|
| 300 |
|
|
|a xxii, 682 σ. :
|b εικ.
|
| 504 |
|
|
|a Περιλαμβάνει βιβλιογραφίες και ευρετήριο.
|
| 650 |
|
0 |
|a Boundary value problems
|
| 650 |
|
0 |
|a Finite element method
|
| 650 |
|
4 |
|a Μέθοδος πεπερασμένων στοιχείων
|
| 710 |
0 |
|
|a Dover Publications
|
| 942 |
|
|
|2 ddc
|
| 952 |
|
|
|0 0
|1 0
|2 ddc
|4 0
|6 620_001515350000000_HUG
|7 0
|9 301992
|a LISK
|b LISK
|c BSC
|d 2021-01-17
|e 24
|f 0
|g 0.00
|l 0
|o 620.00151535 HUG
|p 92410031535
|r 2021-01-17 00:00:00
|t 1
|w 2021-01-17
|y BK15
|x 20070529 0 1
|x GrPaTEI
|
| 952 |
|
|
|0 0
|1 0
|2 ddc
|4 0
|6 620_001515350000000_HUG
|7 1
|9 301993
|a LISK
|b LISK
|c BSC
|d 2021-01-17
|e 24
|f 0
|g 0.00
|l 0
|o 620.00151535 HUG
|p 92410031536
|r 2021-01-17 00:00:00
|t 1
|w 2021-01-17
|y BKN
|x 20070529 0 0
|x GrPaTEI
|
| 971 |
|
|
|a .b26693070
|b 15-04-20
|c 26-09-16
|
| 999 |
|
|
|c 175547
|d 175547
|